<?xml version="1.0" encoding="UTF-8"?>
<marc:record xmlns:marc="http://www.loc.gov/MARC21/slim">
   <marc:leader>00000nam a2200000 a 4500</marc:leader>
   <marc:datafield ind1="1" ind2=" " tag="100">
      <marc:subfield code="a">Menze, Ute</marc:subfield>
      <marc:subfield code="4">edt</marc:subfield>
      <marc:subfield code="e">Bearbeiter/-in</marc:subfield>
   </marc:datafield>
   <marc:datafield ind1="0" ind2="0" tag="245">
      <marc:subfield code="a">Dezemberfreude</marc:subfield>
   </marc:datafield>
   <marc:datafield ind1="0" ind2="0" tag="245">
      <marc:subfield code="b">Stick- &amp; Nähprojekte zur Weihnachtszeit</marc:subfield>
   </marc:datafield>
   <marc:datafield ind1="0" ind2="0" tag="245">
      <marc:subfield code="c">Hrsg.: Ute Menze. Styling und Fotogr.: Lillemor &amp; Rosenresli, Michèle Brunnmeier. Idee &amp; Konzept: Meike Menze-Stöter</marc:subfield>
   </marc:datafield>
   <marc:datafield ind1=" " ind2="1" tag="264">
      <marc:subfield code="a">Iserlohn-Hennen</marc:subfield>
      <marc:subfield code="b">Acufactum</marc:subfield>
      <marc:subfield code="c">2014</marc:subfield>
   </marc:datafield>
   <marc:datafield ind1=" " ind2=" " tag="250">
      <marc:subfield code="a">1. Aufl.</marc:subfield>
   </marc:datafield>
   <marc:datafield ind1="1" ind2=" " tag="520">
      <marc:subfield code="a">Angaben aus der Verlagsmeldung

Dezemberfreude : Stick- &amp; Nähprojekte zur Weihnachtszeit

Im Dezember erleben wir voller Vorfreude auf das Weihnachtsfest die uns so liebgewonnenen Traditionen. Wir richten unser Heim mit selbstgemachten Dekorationen und Handarbeiten her, backen mit unseren Liebsten
Plätzchen und genießen die wohltuende Wärme und Botschaft dieser Zeit. In diesem Buch stellen wir Ihnen viele schöne Projekte zum Selbermachen vor, die Sie in gut verständlichen Anleitungen nacharbeiten können.
Die wunderschönen Fotos stammen von Michèle Brunnmeier, die unter dem Namen "Lillemor" fotografiert, und machen das Buch zu einem besonderen Begleiter für die Weihnachtszeit.
</marc:subfield>
   </marc:datafield>
   <marc:datafield ind1=" " ind2=" " tag="020">
      <marc:subfield code="a">9783940193360</marc:subfield>
      <marc:subfield code="9">9783940193360</marc:subfield>
   </marc:datafield>
   <marc:datafield ind1=" " ind2=" " tag="041">
      <marc:subfield code="a">ger</marc:subfield>
   </marc:datafield>
   <marc:datafield ind1=" " ind2=" " tag="300">
      <marc:subfield code="a">96 S.</marc:subfield>
   </marc:datafield>
</marc:record>
